000 00559nam a2200193Ia 4500
005 20260120124616.0
008 008 260114s9999 xx 000 0 eng d
020 _a9780762314003
037 _aEBOOK
040 _aCRL
_beng
_cCRL
041 _aeng
_2eng
084 _qCRL
245 0 _aCultural Aspects of Public Management Reform
260 _bEmerald Publishing
_c2007
700 _aKuno Schedler
_9908340
856 _uhttps://www.emerald.com/insight/publication/doi/10.1016/S0732-1317(2007)16
942 _cEBOOK
999 _c1500230
_d1500230